000 00719nam a2200217Ia 4500
003 GCL
005 20240530105415.0
008 140319s9999 xx 000 0 ara d
040 _aGCL /
_cGCL
082 0 4 _a346.04
_bع م
100 1 _aعبدالفتاح مراد
245 1 0 _aملكية الشقق واتحاد الملاك /
_cعبدالفتاح مراد
260 _a[ الاسكندرية ] :
_bدار الفكر الجامعى ،
_c1989
300 _a197 ص
_b24 سم
650 0 4 _aالقانون
650 0 4 _aالقانون المدنى
650 0 4 _aقوانين وتشريعات
650 0 4 _aقانون الملكية
650 0 4 _aقانون الاجراءات المدنية
942 _2ddc
_cBK
999 _c55738
_d55738